000 01643nam a22002417a 4500
001 9595
003 FISKH
005 20260126083615.0
008 260126b cb ||||| |||| 00| 0 eng d
020 _a9781526617163
040 _aFISKH
_beng
_cFISKH
_dFISKH
050 _aPZ7 .M111575
082 _a 813.6
100 _aMaas, Sarah J.
245 _aA court of mist and fury /
_cSarah J. Maas
250 _aThis edition published in 2023
260 _aLondon :
_bBloomsbury,
_c2016
300 _a626, 14 pages :
_bmap ;
_c20 cm
520 _aFeyre has undergone more trials than one human woman can carry in her heart. Though she's now been granted the powers and lifespan of the High Fae, she is haunted by her time Under the Mountain and the terrible deeds she performed to save the lives of Tamlin and his people. As her marriage to Tamlin approaches, Feyre's hollowness and nightmares consume her. She finds herself split into two different people: one who upholds her bargain with Rhysand, High Lord of the feared Night Court, and one who lives out her life in the Spring Court with Tamlin. While Feyre navigates a dark web of politics, passion, and dazzling power, a greater evil looms. She might just be the key to stopping it, but only if she can harness her harrowing gifts, heal her fractured soul, and decide how she wishes to shape her future-and the future of a world in turmoil. Bestselling author Sarah J. Maas's masterful storytelling brings this second book in her dazzling, sexy, action-packed series to new heights
650 _aFantasy Romance
_vYoung Adult
_xTeen Fantasy
942 _2ddc
_cBK
_n0
999 _c9595
_d9595